Informatizace, počítače a vzdělávání.

Charakteristika informačnej spoločnosti a hlavných smerov jej reštrukturalizácie. Prejavy prechodu k informačnej spoločnosti. Informačné technológie. Syntaktický, sémantický a pragmatický aspekt informácie pre riadenie. Porozumenie informácií. Trendy vo vyučovaní informatiky.

Guardado en:
Detalles Bibliográficos
Autor principal: Rosický, Antonín
Formato: Capítulo de libro
Lenguaje:checo
Materias:
Etiquetas: Agregar Etiqueta
Sin Etiquetas, Sea el primero en etiquetar este registro!

MARC

LEADER 00000naa a2200000 4500
001 r003305
005 20221125073210.7
041 0 |a cze 
044 |a [CS] 
245 1 0 |a Informatizace, počítače a vzdělávání.  |c Antonín Rosický 
520 |a Charakteristika informačnej spoločnosti a hlavných smerov jej reštrukturalizácie. Prejavy prechodu k informačnej spoločnosti. Informačné technológie. Syntaktický, sémantický a pragmatický aspekt informácie pre riadenie. Porozumenie informácií. Trendy vo vyučovaní informatiky. 
610 2 0 |a informatizácia 
610 2 0 |a informatika 
610 2 0 |a spoločnosť 
610 2 0 |a zmeny štruktúrne 
610 2 0 |a technológia 
610 2 0 |a informácie 
610 2 0 |a riadenie 
610 2 0 |a vyučovanie 
100 1 |a Rosický, Antonín